<?xml version="1.0" encoding="UTF-8"?>
<record
    xmlns:xsi="http://www.w3.org/2001/XMLSchema-instance"
    xsi:schemaLocation="http://www.loc.gov/MARC21/slim http://www.loc.gov/standards/marcxml/schema/MARC21slim.xsd"
    xmlns="http://www.loc.gov/MARC21/slim">

  <leader>00877cam a22002411  4500</leader>
  <controlfield tag="001"> 82246</controlfield>
  <controlfield tag="003">BD-RjUL</controlfield>
  <controlfield tag="005">20231104132911.0</controlfield>
  <controlfield tag="008">231104s1966    xx ah         000 0 eng  </controlfield>
  <datafield tag="035" ind1=" " ind2=" ">
    <subfield code="a">(BD-RjUL) 82246</subfield>
  </datafield>
  <datafield tag="040" ind1=" " ind2=" ">
    <subfield code="a">DLC</subfield>
    <subfield code="c">UU</subfield>
    <subfield code="d">OCoLC</subfield>
    <subfield code="d">Uk</subfield>
    <subfield code="d">DLC</subfield>
    <subfield code="b">eng</subfield>
  </datafield>
  <datafield tag="041" ind1=" " ind2=" ">
    <subfield code="a">eng</subfield>
  </datafield>
  <datafield tag="082" ind1=" " ind2=" ">
    <subfield code="2">23</subfield>
    <subfield code="a">891.553</subfield>
    <subfield code="b">NIS 1966</subfield>
  </datafield>
  <datafield tag="100" ind1="0" ind2=" ">
    <subfield code="a">Ni&#x1E93;&#x101;m&#x12B; Ganjav&#x12B;,</subfield>
    <subfield code="d">1140 or 1141-1202 or 1203.</subfield>
    <subfield code="9">9920</subfield>
  </datafield>
  <datafield tag="245" ind1="1" ind2="4">
    <subfield code="a">The story of Layla and Majnun./</subfield>
    <subfield code="c">Translated from the Persian and edited by Dr. R. Gelpke; English version in collaboration with E. Mattin &amp; G. Hill.</subfield>
  </datafield>
  <datafield tag="260" ind1=" " ind2=" ">
    <subfield code="a">Oxford,</subfield>
    <subfield code="b">Cassimer,</subfield>
    <subfield code="c">1966.</subfield>
  </datafield>
  <datafield tag="300" ind1=" " ind2=" ">
    <subfield code="a">3-221 p.:</subfield>
    <subfield code="b">col. front., plates (incl. facsims.)</subfield>
    <subfield code="c">21 cm.</subfield>
  </datafield>
  <datafield tag="650" ind1=" " ind2=" ">
    <subfield code="a">Azerbaijani fiction</subfield>
    <subfield code="9">9921</subfield>
  </datafield>
  <datafield tag="650" ind1=" " ind2=" ">
    <subfield code="a">Romance fiction</subfield>
    <subfield code="9">5728</subfield>
  </datafield>
  <datafield tag="650" ind1=" " ind2=" ">
    <subfield code="a">Romances, Persian</subfield>
    <subfield code="9">9922</subfield>
  </datafield>
  <datafield tag="700" ind1="1" ind2=" ">
    <subfield code="a">Gelpke, Rudolf,</subfield>
    <subfield code="d">1928-1972,</subfield>
    <subfield code="e">editor,</subfield>
    <subfield code="e">translator.</subfield>
    <subfield code="9">9923</subfield>
  </datafield>
  <datafield tag="942" ind1=" " ind2=" ">
    <subfield code="2">ddc</subfield>
    <subfield code="c">BK</subfield>
  </datafield>
  <datafield tag="999" ind1=" " ind2=" ">
    <subfield code="c">82246</subfield>
    <subfield code="d">82246</subfield>
  </datafield>
  <datafield tag="952" ind1=" " ind2=" ">
    <subfield code="0">0</subfield>
    <subfield code="1">0</subfield>
    <subfield code="2">ddc</subfield>
    <subfield code="4">0</subfield>
    <subfield code="7">1</subfield>
    <subfield code="8">FIC</subfield>
    <subfield code="a">RUCL</subfield>
    <subfield code="b">RUCL</subfield>
    <subfield code="c">FIC</subfield>
    <subfield code="d">1968-05-31</subfield>
    <subfield code="e">Pak Book Centre</subfield>
    <subfield code="g">26.25</subfield>
    <subfield code="l">0</subfield>
    <subfield code="o">891.553 NIS 1966</subfield>
    <subfield code="r">2023-11-04 00:00:00</subfield>
    <subfield code="t">C-1</subfield>
    <subfield code="w">2023-11-04</subfield>
    <subfield code="y">BK</subfield>
  </datafield>
</record>
